| 000 | 00572nam a2200241Ia 4500 | ||
|---|---|---|---|
| 003 | 0100 | ||
| 008 | 130303s9999 xx 000 0 und d | ||
| 020 | _a0567085473 | ||
| 040 | _cARRUPELIB | ||
| 050 | _aB765.T54B78 | ||
| 100 | _aBrock, Stephen L | ||
| 245 | _aAction and conduct | ||
| 245 | _bThomas Aquinas and the theory of action | ||
| 260 | _aEdinburgh | ||
| 260 | _bT and T. Clark | ||
| 260 | _C1998 | ||
| 300 | _axi | ||
| 300 | _b 266p. 22cm. | ||
| 650 | _aPHILOSOPHY | ||
| 650 | _bMalawi -- History | ||
| 700 | _aStephen L. Brock | ||
| 942 | 0 | 0 | _01 |
| 999 |
_c12802 _d12802 |
||